Online katalóg knižníc regiónu Turca

Michal Tučný, Tak odjíždí poslední kovboj... (Record no. 22717)

MARC details
000 -LEADER
fixed length control field 01540ccm a2200469 ia4500
001 - CONTROL NUMBER
control field 22717
003 - CONTROL NUMBER IDENTIFIER
control field CZ PrNK
005 - DATE AND TIME OF LATEST TRANSACTION
control field 20260421151907.0
007 - PHYSICAL DESCRIPTION FIXED FIELD--GENERAL INFORMATION
fixed length control field qu
008 - FIXED-LENGTH DATA ELEMENTS--GENERAL INFORMATION
fixed length control field 021126s1997 xr cyg e nn cze
015 ## - NATIONAL BIBLIOGRAPHY NUMBER
National bibliography number cnb001194698
024 2# - OTHER STANDARD IDENTIFIER
Standard number or code M-706509-00-6
Qualifying information (díl 1 ;
-- vázáno)
024 2# - OTHER STANDARD IDENTIFIER
Standard number or code M-706509-01-3
Qualifying information (díl 2 ;
-- vázáno)
040 ## - CATALOGING SOURCE
Original cataloging agency ABA001
Language of cataloging cze
Description conventions rda
048 ## - NUMBER OF MUSICAL INSTRUMENTS OR VOICES CODE
Performer or ensemble vn01
072 #7 - SUBJECT CATEGORY CODE
Subject category code 78.011.26
Subject category code subdivision Populární hudba. Populární písně. Populární taneční hudba
Source Konspekt
080 ## - UNIVERSAL DECIMAL CLASSIFICATION NUMBER
Universal Decimal Classification number 78.03.011.26
Edition identifier MRF
080 ## - UNIVERSAL DECIMAL CLASSIFICATION NUMBER
Universal Decimal Classification number 78.036.011.26
Edition identifier MRF
080 ## - UNIVERSAL DECIMAL CLASSIFICATION NUMBER
Universal Decimal Classification number (0:82-192)
Edition identifier MRF
245 00 - TITLE STATEMENT
Title Michal Tučný, Tak odjíždí poslední kovboj...
246 30 - VARYING FORM OF TITLE
Title proper/short title Tak odjíždí poslední kovboj...
250 ## - EDITION STATEMENT
Edition statement První vydání
264 #1 - PRODUCTION, PUBLICATION, DISTRIBUTION, MANUFACTURE, AND COPYRIGHT NOTICE
Place of production, publication, distribution, manufacture Cheb :
Name of producer, publisher, distributor, manufacturer G & W,
Date of production, publication, distribution, manufacture, or copyright notice 1997
300 ## - PHYSICAL DESCRIPTION
Extent 2 svazky :
Other physical details fotografie ;
Dimensions 21 cm
336 ## - CONTENT TYPE
Content type term zápis hudby
Content type code ntm
Source rdacontent
337 ## - MEDIA TYPE
Media type term bez média
Media type code n
Source rdamedia
338 ## - CARRIER TYPE
Carrier type term svazek
Carrier type code nc
Source rdacarrier
382 01 - MEDIUM OF PERFORMANCE
Medium of performance zpěv
Number of performers of the same medium 1
Note akordické značky
Total number of performers 1
490 1# - SERIES STATEMENT
Series statement Legendy české country
500 ## - GENERAL NOTE
General note Obsahuje diskografii
500 ## - GENERAL NOTE
General note V roce 2001 dotisk 2. dílu
505 0# - FORMATTED CONTENTS NOTE
Formatted contents note 1. díl. 1 zpěvník (155 stran) -- 2. díl. 1 zpěvník (165 stran)
648 #7 - SUBJECT ADDED ENTRY--CHRONOLOGICAL TERM
Chronological term 1951-2000
Source of heading or term czenas
650 07 - SUBJECT ADDED ENTRY--TOPICAL TERM
Topical term or geographic name entry element populární hudba
Geographic subdivision Česko
Chronological subdivision 1951-2000
Source of heading or term czenas
655 #7 - INDEX TERM--GENRE/FORM
Genre/form data or focus term country music
Source of term czenas
655 #7 - INDEX TERM--GENRE/FORM
Genre/form data or focus term zpěvníky
Source of term czenas
700 1# - ADDED ENTRY--PERSONAL NAME
Personal name Tučný, Michal,
Dates associated with a name 1947-1995
Relationship sng
830 #0 - SERIES ADDED ENTRY--UNIFORM TITLE
Uniform title Legendy české country
901 ## - LOCAL DATA ELEMENT A, LDA (RLIN)
f 1. vyd.
o 20021127
910 ## - USER-OPTION DATA (OCLC)
User-option data ABA001
942 ## - ADDED ENTRY ELEMENTS (KOHA)
Source of classification or shelving scheme Dewey Decimal Classification
Koha item type Krásna literatúra pre dospelých
Suppress in OPAC No
Holdings
Stav vyradenia Strata Poškodenie Spôsob nadobudnutia Domovská knižnica Aktuálna knižnica Dátum nadobudnutia Total checkouts Čiarový kód exemplára Date last seen Typ exemplára
      Dar Obecná knižnica Horná Štubňa Obecná knižnica Horná Štubňa 21.04.2026   9790706509013 21.04.2026 Krásna literatúra pre dospelých
Projekt je podporený Slovenskou asociáciou knižníc
Prevádzkuje Turčianska knižnica Martin 2026